Selected papers and discussions delivered before the Society of medical jurisprudence during 1939, 1940 and 1941. (Record no. 90680)

MARC details
000 -LEADER
fixed length control field 00735cam a22002171 4500
001 - CONTROL NUMBER
control field sg 45000289
003 - CONTROL NUMBER IDENTIFIER
control field DLC
005 - DATE AND TIME OF LATEST TRANSACTION
control field 20260227112747.0
008 - FIXED-LENGTH DATA ELEMENTS--GENERAL INFORMATION
fixed length control field 810815s1943 xx 000 0 eng
010 ## - LIBRARY OF CONGRESS CONTROL NUMBER
LC control number sg 45000289
035 ## - SYSTEM CONTROL NUMBER
System control number (OCoLC)14732634
040 ## - CATALOGING SOURCE
Original cataloging agency DLC
Transcribing agency DNLM
Modifying agency DLC
042 ## - AUTHENTICATION CODE
Authentication code premarc
050 00 - LIBRARY OF CONGRESS CALL NUMBER
Classification number RA1054
Item number .S6
060 0# - NATIONAL LIBRARY OF MEDICINE CALL NUMBER
Classification number W 609
Item number S678s 1943
110 2# - MAIN ENTRY--CORPORATE NAME
Corporate name or jurisdiction name as entry element Society of Medical Jurisprudence.
245 10 - TITLE STATEMENT
Title Selected papers and discussions delivered before the Society of medical jurisprudence during 1939, 1940 and 1941.
260 ## - PUBLICATION, DISTRIBUTION, ETC.
Place of publication, distribution, etc. [New York,
Date of publication, distribution, etc. c1943]
300 ## - PHYSICAL DESCRIPTION
Extent cover-title, 3 p. l., 138 p.
500 ## - GENERAL NOTE
General note "Editorial committee: George L. Brodhead, M. D. [and others] ... Gustave J. Noback, PH. D., chairman."

No items available.

Powered by Koha